000 00484nam a22001817a 4500
003 CEME
005 20210628210704.0
008 210211b xxu||||| |||| 00| 0 eng d
020 _a0-632-05569-3
040 _c.
082 _a629.133 SWA
100 _aSwatton, P.J
_980557
245 _aAircraft performance theory for pilots
260 _aLONDON
_bBLACKWELL SCIENCE
_c2000
300 _a378P
650 _aFLIGHT PRINCIPLES AIRCRAFT THEORY FOR PILOTS
_980558
942 _cBK
_2ddc
999 _c585471
_d585471